000 00542nam a2200217Ia 4500
003 OSt
005 20221005132008.0
006 a|||||r|||| 00| 0
007 ta
008 221004b |||||||| |||| 00| 0 tam d
024 _a51667
037 _cTextual
040 _aCRL
_cCRL
_btam
041 _2tam
_atam
082 _aQ7:3:G, 31J7.2
100 _ahameed A.K.Adul
_9640438
245 0 _aTarjumatul quran
650 _aRELIGION
942 _hQ7:3:G, 31J7.2
_cTEXL
_2cc
999 _c1062106
_d1062106